Loading...
| Beliefs | 3 | 16.67 | 2,400% | 400% | 200% |
| Fine Arts - Auditory | 1 | 0.00 | 0% | 0% | 0% |
| Fine Arts - Other Arts | 1 | 10.00 | 0% | 600% | 0% |
| Fine Arts - Visual | 3 | 10.00 | 0% | 400% | 200% |
| History - American | 2 | 10.00 | 1,800% | 300% | 0% |
| History - European | 1 | 10.00 | 0% | 0% | 600% |
| History - World | 4 | 17.50 | 1,800% | 450% | 300% |
| Literature - American | 2 | 15.00 | 1,800% | 0% | 600% |
| Literature - British | 2 | 10.00 | 3,600% | 0% | 0% |
| Literature - European | 2 | 10.00 | 0% | 0% | 600% |
| Other Academic | 2 | 15.00 | 0% | 600% | 300% |
| Other Science: Earth Science | 1 | 10.00 | 0% | 600% | 0% |
| Philosophy | 2 | 25.00 | 3,600% | 300% | 600% |
| Science - Biology | 1 | 20.00 | 3,600% | 0% | 600% |
| Science - Chemistry | 1 | 20.00 | 3,600% | 600% | 0% |
| Science - Physics | 3 | 20.00 | 2,400% | 200% | 600% |
| 1 | 20.00 | 3,600% | 0% | 600% |